[Event "PCL 2025"]
[Site "Perth AUS"]
[Date "2025.09.24"]
[Round "7.3"]
[White "Hardegen,Andrew"]
[Black "Elkington,Derek"]
[Result "1-0"]
[BlackElo "1913"]
[BlackFideId "3212564"]
[EventDate "2025.03.11"]
[PlyCount "0"]
[WhiteElo "2079"]
[WhiteFideId "3204081"]

1. d4 d5 2. c4 c6 3. Nf3 Nf6 4. Nc3 a6 5. e3 Bf5 6. a4 b6 7. Ne5 e6 8. g4 Bg6 9.
h4 Ne4 $2 ( 9... dxc4 { allowing Bd3 if h5 is played immediately.} )10. h5 f6
11. hxg6 fxe5 12. Nxe4 dxe4 13. Bg2 Ra7 14. Bxe4 h6 15. Rh5 exd4 16. exd4 Bb4+
17. Ke2 Rd7 18. Be3 Rf8 19. d5 { with time down to only a minute or so, this is
a critical move and, while not the engine move, pushed Black into a a deep
think and then both players were in time trouble.}  ( 19. a5 bxa5 20. c5 )19...
cxd5 20. cxd5 Nc6 21. Qb3 exd5 22. Bxd5 Rxd5 23. Rxd5 Qe7 24. Qc4 Bc5 25. Qc3 (
25. Re1)25... Rf6 26. Qd3 Nb4 { and it's 0.00, but both players are on the
increment now.}  27. Qc4 Nxd5 28. Qxd5 Rd6 29. Qg8+ Kd7 $2 ( 29... Qf8 { holds
the draw, and Black's team only needs half a point.} )30. Rc1 Qe5 $2 31. Qf7+
Kd8 32. Rc3 a5 33. Qf8+ Kc7 34. Qf7+ Rd7 35. Qf5 Qe7 36. Kf3 Kc6 37. Bxc5 bxc5
38. Re3 Qd8 39. Re6+ Rd6 40. Qe4+ Kc7 41. Re7+ Rd7 42. Qe5+ Kc6 43. Re6+ Rd6
44. Rxd6+ Qxd6 45. Qxd6+ Kxd6 46. Ke4 Ke6 47. f4 Kf6 48. f5 Kg5 49. Ke5 h5 50.
gxh5 Kxh5 51. f6 Kxg6 52. fxg7  1-0

[Event "PCL 2025"]
[Site "Perth AUS"]
[Date "2025.09.24"]
[Round "7.4"]
[White "Barry,David"]
[Black "Teh,Rui Gen"]
[Result "0-1"]
[BlackElo "2229"]
[BlackFideId "5749476"]
[EventDate "2025.03.11"]
[PlyCount "0"]
[WhiteElo "1938"]
[WhiteFideId "3234487"]

1. e4 e6 2. d4 d5 3. Nc3 Nf6 4. e5 Nfd7 5. f4 c5 6. Nf3 Nc6 7. Be3 Be7 8. Be2
Qb6 9. a3 O-O 10. O-O f6 11. f5 cxd4 12. fxe6 Ndxe5 13. Nxd5 Qd8 14. Nxe7+ Qxe7
15. Nxd4 Nxd4 16. Qxd4 Bxe6 17. Rad1 Rac8 18. c3 a6 19. Qd6 Qxd6 20. Rxd6 Bc4
21. Rd2 Rfe8 22. Bf4 Bxe2 23. Rxe2 Nc4 24. Rfe1 Rxe2 25. Rxe2 Kf7 26. Kf2 Rd8
27. Ke1 Rd5 28. Be3 a5 29. Bd4 $2 Rb5 30. b4 Nxa3 31. Bc5 b6 32. Bd6 Nc4 33.
Be7 a4 34. Bd8 Re5 35. Rxe5 fxe5  0-1

[Event "PCL 2025"]
[Site "Perth AUS"]
[Date "2025.09.24"]
[Round "7.5"]
[White "Teh,Hui Lam"]
[Black "Roebuck,Derek J"]
[Result "1-0"]
[BlackElo "1757"]
[BlackFideId "3226999"]
[EventDate "2025.03.11"]
[PlyCount "0"]
[WhiteElo "2033"]
[WhiteFideId "5749450"]

1. d4 d5 2. Bf4 e6 3. Nf3 Bd6 4. Bg3 Nf6 5. e3 Bxg3 6. hxg3 Nbd7 7. Bd3 Ne4 8.
Bxe4 dxe4 9. Nfd2 Nf6 10. Nc3 b6 11. Ndxe4 Nxe4 12. Nxe4 Bb7 13. Qd3 Bxe4 14.
Qxe4 Qd5 15. Qxd5 exd5 16. Kd2 O-O-O 17. b4 a6 18. Kd3 Rd6 19. a4 Re6 20. b5 a5
21. Rac1 Rf6 22. f3 Kd7 23. c4 dxc4+ 24. Rxc4 Rg6 25. g4 f5 26. gxf5 Rxg2 27.
e4 Ra2 28. e5 h5 29. Rg1 h4 30. Rxg7+  1-0

[Event "PCL 2025"]
[Site "Perth AUS"]
[Date "2025.09.24"]
[Round "7.6"]
[White "Simonds,Marcus"]
[Black "Gong,Leo"]
[Result "1/2-1/2"]
[BlackElo "1378"]
[BlackFideId "3258726"]
[EventDate "2025.03.11"]
[PlyCount "0"]
[WhiteElo "1688"]
[WhiteFideId "3237575"]

1. d4 d5 2. Bf4 c5 3. e3 e6 4. c3 a6 5. Nd2 Nf6 6. Bd3 Bd6 7. Bg3 c4 8. Bc2 Qc7
9. f4 Nc6 10. Ngf3 Nd7 11. Ne5 Ncxe5 12. fxe5 Be7 13. O-O g6 14. Nf3 Qb6 15.
Rb1 f6 16. Qe2 fxe5 17. Nxe5 Nxe5 18. Bxe5 Rg8 { Black is busted but White
needs to convert.}  19. Ba4+ ( 19. e4 { was critical - the centre needs to be
opened up.}  19... a5 20. exd5 exd5 21. Rbe1 )19... Bd7 20. Bxd7+ Kxd7 21. Rf7
h5 22. Rbf1 Raf8 23. Rxf8 $2 Rxf8 24. Rf2 Rxf2 25. Qxf2 Qd8 26. Qc2 Qg8 27. b3
Bg5 28. Qf2 Ke7 29. Qg3 Bf6 30. Bc7 Qc8 31. bxc4 dxc4 32. Bd6+ Kf7 33. e4 Qd7
34. e5 Be7 35. Qf3+ Kg7 36. Bxe7 Qxe7 37. h3 Qf7 38. Kf2 Qf5 39. Qxf5 gxf5 40.
Ke3 Kf7 41. a4 b5 42. axb5 axb5 43. h4 Ke7 44. Kf4 Kf7 45. g3 Ke7 46. Ke3 Kd7
47. Kf4  1/2-1/2

[Event "PCL 2025"]
[Site "Perth AUS"]
[Date "2025.09.24"]
[Round "7.7"]
[White "Le,Quang Minh"]
[Black "Williams,Joshua"]
[Result "1-0"]
[BlackElo "1527"]
[BlackFideId "3266770"]
[EventDate "2025.03.11"]
[PlyCount "0"]
[WhiteElo "1289"]
[WhiteFideId "3288323"]

1. e4 e5 2. Nf3 Nc6 3. d4 d6 4. d5 Nce7 5. c4 Nf6 6. Nc3 Ng6 7. h3 Be7 8. Be3
O-O 9. Bd3 Bd7 10. O-O Qc8 11. Kh2 Nh5 12. b4 Nhf4 13. Ng1 Bg5 14. Re1 a6 15.
c5 f6 16. Bf1 f5 17. g3 fxe4 18. Nxe4 Bh6 19. gxf4 Bxf4+ 20. Kh1 dxc5 21. bxc5
Qd8 22. Rc1 Qh4 23. Bg2 Bh6 24. Bxh6 Qxh6 25. Rc3 Rad8 26. Rce3 Nf4 27. Qb3 b6
28. cxb6 cxb6 29. Ne2 Nxg2 30. Kxg2 Qg6+ 31. N4g3 h5 32. Qc4 Bb5 33. Qe4 Qg5
34. Qxe5 Rf5 35. Qxf5  1-0

[Event "PCL 2025"]
[Site "Perth AUS"]
[Date "2025.09.24"]
[Round "7.8"]
[White "Faithfull,Ian"]
[Black "McAteer,Ian"]
[Result "0-1"]
[BlackElo "1861"]
[BlackFideId "3230015"]
[EventDate "2025.03.11"]
[PlyCount "0"]
[WhiteElo "1475"]
[WhiteFideId "0"]

1. e4 c6 2. d4 d5 3. e5 c5 4. Bb5+ Bd7 5. Nc3 e6 ( 5... Bxb5 6. Nxb5 Qa5+ 7. Nc3
cxd4 8. Qxd4 e6 )6. Nf3 a6 7. Bxd7+ Qxd7 8. O-O Nc6 9. Bg5 { Now of course the
pawn can be won in the centre but just how poisoned is it? After a long think,
and much agonizing, a pawn is a pawn.}  9... cxd4 10. Nxd4 Nxe5 11. Re1 { The
evaluation slightly favours Black, but at this point I was regretting the
capture.}  11... Bd6 $2 12. f4 Nc4 13. b3 ( 13. Nxd5 Bc5 )13... Nb6 14. Nf5 Kf8
15. Nxd6 Qxd6 16. Qd4 Rc8 17. Re3 $2 { Allowing the queen exchange. Things
still felt loose but not as frightening as before.}  17... Qc5 18. Rd1 Qxd4 19.
Rxd4 Nd7 20. f5 Ngf6 21. fxe6 fxe6 { Suddenly, life feels a lot better.}  22.
Rdd3 ( 22. Rxe6 { doesn't work}  22... Rxc3 )22... Kf7 23. Rd2 Rhe8 24. Ne2 Nc5
25. Bxf6 gxf6 { and now there are three connected pawns in the centre.}  26.
Ng3 Red8 27. Kf2 e5 28. b4 Ne6 29. Nf5 Ng5 30. Ng3 Rc4 31. c3 Ke6 32. h4 { the
final blunder}  32... Rxh4  0-1

[Event "PCL 2025"]
[Site "Perth AUS"]
[Date "2025.09.24"]
[Round "7.10"]
[White "Gough,Sebastian"]
[Black "Rithauddin,Florentyna"]
[Result "1/2-1/2"]
[BlackElo "1611"]
[BlackFideId "35816694"]
[EventDate "2025.03.11"]
[PlyCount "0"]
[WhiteElo "1257"]
[WhiteFideId "3252078"]

1. d4 d5 2. c4 e6 3. Bf4 Nf6 4. e3 Be7 5. Nf3 O-O 6. cxd5 exd5 7. Bd3 c6 8. O-O
Nbd7 9. Qc2 h6 10. Nbd2 Bb4 11. a3 Be7 12. Rfe1 Re8 13. h3 Qb6 14. Qb3 c5 15.
Qxb6 Nxb6 16. dxc5 Bxc5 17. b4 Be7 18. Rec1 a5 19. Bc7 Bd8 20. Bb5 Bd7 21. Bxd7
Nbxd7 22. Bxd8 Rexd8 23. b5 Rac8 24. a4 Rc5 25. Nb3 Rc4 26. Nfd2 Rb4 27. Ra3 
1/2-1/2

[Event "PCL 2025"]
[Site "Perth AUS"]
[Date "2025.10.11"]
[Round "8.1"]
[White "Teh,Rui Gen"]
[Black "Gibson,Jacob"]
[Result "1-0"]
[BlackElo "2043"]
[BlackFideId "3246426"]
[EventDate "2025.03.11"]
[PlyCount "0"]
[WhiteElo "2229"]
[WhiteFideId "5749476"]

1. e4 c5 2. Nc3 Nc6 3. f4 $2 g6 4. Nf3 Bg7 5. a4 e6 $2 ( 5... b6)6. e5 d6 7. Bb5
Ne7 8. Ne4 dxe5 9. fxe5 O-O 10. Nf6+ Kh8 11. d4 Nd5 12. O-O Nxf6 13. exf6 Bxf6
14. dxc5 Nd4 15. c3 Nxb5 16. axb5 Qe7 17. Be3 e5 18. Qe2 Bf5 19. Rfd1 Rfd8 20.
Bf2 Bg7 ( 20... Kg7)21. b4 Bg4 22. Qe3 f5 $4 ( 22... Rxd1+ 23. Rxd1 )23. Rxd8+
Rxd8 24. Bh4 Bf6 25. Bxf6+ Qxf6 26. Qxe5 Kg7 27. Qxf6+ Kxf6 28. Rxa7 Bxf3 29.
gxf3 Kg5 30. c6 Kf4 31. c7  1-0

[Event "PCL 2025"]
[Site "Perth AUS"]
[Date "2025.10.11"]
[Round "8.2"]
[White "Rahmani,Noor"]
[Black "Teh,Rui Zhe"]
[Result "1/2-1/2"]
[BlackElo "2109"]
[BlackFideId "5749468"]
[EventDate "2025.03.11"]
[PlyCount "0"]
[WhiteElo "1985"]
[WhiteFideId "3278824"]

1. d4 Nf6 2. c4 e6 3. Nc3 Bb4 4. Qc2 O-O 5. Nf3 d5 6. Bg5 h6 7. Bh4 Nbd7 8. e3
c5 9. cxd5 exd5 10. Be2 cxd4 11. Nxd4 Re8 12. O-O Ne5 13. Bxf6 gxf6 14. Nf5 Bf8
$4 ( 14... Bxf5 15. Qxf5 Bxc3 16. bxc3 Rc8 )15. Rad1 Be6 16. e4 Bxf5 17. exf5
Rc8 18. Qd2 $2 ( 18. Bb5)18... Nc4 19. Qf4 $2 ( 19. Qc1)19... Nxb2 20. Rxd5 Qe7
21. Rd2 Qb4 22. Nd5 Qxf4 23. Nxf4 Nc4 24. Rd7 Bd6 25. Bxc4 Rxc4 26. Nd5 Be5 27.
Rxb7 Ra4 28. Ne7+ Kf8 29. Nc6 Rxa2 30. Rxa7 Rxa7 31. Nxa7 Bd4 32. Nb5 Bc5 33.
g4 Re4 34. h3 Rb4 35. Nc3 Kg7 36. Kg2 h5 37. f3 Rb2+ 38. Kg3 h4+ 39. Kxh4 Bf2+
40. Rxf2 Rxf2 41. Kg3 Rf1 42. Ne2 Ra1 43. h4 Kh6 44. Nf4 Rg1+ 45. Kh2 Ra1 46.
Nh5 Ra6 47. Kg3 Kh7 48. g5 fxg5 49. hxg5 Ra4 50. Nf4 Rd4 51. g6+ fxg6 52. fxg6+
Kh6  1/2-1/2

[Event "PCL 2025"]
[Site "Perth AUS"]
[Date "2025.10.11"]
[Round "8.3"]
[White "Huang,Hui"]
[Black "Plaganyi,Gyula"]
[Result "0-1"]
[BlackElo "1970"]
[BlackFideId "3217515"]
[EventDate "2025.03.11"]
[PlyCount "0"]
[WhiteElo "1664"]
[WhiteFideId "3247597"]

1. d4 Nf6 2. Bf4 d6 3. Nc3 c6 4. e4 Nbd7 5. Nf3 Qc7 6. Qd2 e5 7. Be3 Be7 8. h3
a6 9. a4 Rb8 10. Be2 b5 11. axb5 axb5 12. Bd3 O-O 13. O-O Nb6 14. b3 Rd8 15.
Qe2 b4 16. Na4 Nfd7 17. Nxb6 Nxb6 18. Nd2 Bf6 19. Nf3 Nd7 20. Rfd1 Re8 21. dxe5
Nxe5 22. Ra7 Rb7 23. Nxe5 Rxa7 24. Bxa7 Bxe5 25. Be3 g6 26. h4 h5 27. Qd2 Bc3
28. Qc1 Qe7 29. Bg5 Qe5 30. Bf4 Qe7 31. Bg5 Qc7 32. Bd2 Bg4 33. Re1 Bf6 34. Bg5
Qe7 35. Qf4 Bxg5 36. Qxg5 Qxg5 37. hxg5 d5 38. f3 Bd7 39. Kf2 d4 40. Ra1 Be6
41. Ra6 Rc8 42. e5 Kf8 43. Rb6 c5 44. Bxg6 c4 45. Be4 cxb3 46. cxb3 Rc3 47.
Rxb4 d3 48. Ke3 Rc2 49. Bxd3 Rxg2 50. f4 Rg3+ 51. Kd2 Rg2+ 52. Ke3 Rg3+ 53. Kd2
Rg2+ 54. Ke1 Bg4 55. Re4 h4 56. Bf1 Rg3 57. Kf2 Rxb3 58. f5 Rb2+ 59. Kg1 Bxf5
60. Rxh4 Kg7 61. Rh2 Rb1 62. Kf2 Kg6 63. Bh3 Rb2+ 64. Kg3 Rxh2 65. Kxh2 Bxh3
66. Kxh3 Kxg5 67. e6 fxe6 68. Kg2 $4 { A few spectators thought the position
was lost before this move, but actually it is a Tablebase draw. This move,
surrendering the opposition, is the losing move.}  ( 68. Kg3 { holds the draw.}
 68... Kf5 69. Kf3 e5 70. Ke3 { etc.}  )68... Kf4 69. Kf2 e5 70. Ke1 Ke3 71.
Kd1 Kf2 72. Kd2 e4  0-1

[Event "PCL 2025"]
[Site "Perth AUS"]
[Date "2025.10.11"]
[Round "8.4"]
[White "Elkington,Derek"]
[Black "Huang,Yuqi (Ricky)"]
[Result "1/2-1/2"]
[BlackElo "1761"]
[BlackFideId "3268250"]
[EventDate "2025.03.11"]
[PlyCount "0"]
[WhiteElo "1913"]
[WhiteFideId "3212564"]

1. e4 e5 2. Nf3 Nf6 3. d4 Nxe4 4. Nxe5 d5 5. Be3 Bd6 6. Qh5 O-O 7. Bd3 Nf6 8.
Qh4 c5 9. Bg5 h6 10. Bxf6 Qxf6 11. Qxf6 gxf6 12. Nf3 cxd4 13. Nxd4 Be5 14. c3
Bxd4 15. cxd4 Nc6 16. Nc3 Be6 17. Ne2 Rfe8 18. Kd2 Rac8 19. Rac1 Nb4 20. Bb1
Nc6 21. h3 Re7 22. Rhe1 Rce8 23. g4 Bd7 24. b3 a6  1/2-1/2

[Event "PCL 2025"]
[Site "Perth AUS"]
[Date "2025.10.11"]
[Round "8.5"]
[White "Lucas,Bradley"]
[Black "O'Mahoney,Keegan"]
[Result "1-0"]
[BlackElo "2043"]
[BlackFideId "2506190"]
[EventDate "2025.03.11"]
[PlyCount "0"]
[WhiteElo "2172"]
[WhiteFideId "311105223"]

1. e4 d6 2. d4 Nf6 3. Nc3 Nbd7 4. Nf3 e5 5. Bc4 Be7 6. O-O c6 7. Re1 Qc7 8. a4
h6 9. b3 Nf8 10. Bb2 Ng6 11. h3 O-O 12. Bd3 Re8 13. Ne2 Bf8 14. Ng3 Nf4 15. Bf1
g6 16. Qd2 N4h5 17. Nxh5 Nxh5 18. g4 Nf6 19. dxe5 dxe5 20. Nxe5 Rxe5 21. Qf4
Nxg4 22. hxg4 Bg7 { White had arrived a few minutes after the clocks had been
started but somehow, in this horribly complicated position, Black now had less
than 3 minutes while White had more than 50 minutes. Black played the rest of
the game basically on the increment.}  23. Rad1 Re7 $2 { a small concession}  (
23... Kh7 { , to prevent the check that is coming, is preferred by the engine.}
)24. Qxc7 Rxc7 25. Rd8+ Kh7 26. Bxg7 Kxg7 27. a5 b5 28. f3 Rd7 29. Rd1 Rxd1 30.
Rxd1 Be6 31. Rd6 Rc8 32. e5 Kf8 33. Kf2 Ke7 34. Bd3 g5 $2 35. Bf5 Bxf5 $2 36.
gxf5 { Black has a passed pawn but the engine is not impressed.}  36... Rd8 37.
Rxc6 h5 38. f4 gxf4 39. Rc7+ Ke8 40. Rxa7 { There are now four passed pawns on
the board, but only one looks good.}  40... h4 41. Rb7 h3 42. a6 h2 43. Kg2 f3+
44. Kxh2 Rd1 45. a7 f2 46. a8=Q+ Rd8 47. Qxd8+ Kxd8 48. Kg2  1-0

[Event "PCL 2025"]
[Site "Perth AUS"]
[Date "2025.10.11"]
[Round "8.6"]
[White "Barry,David"]
[Black "Hardegen,Kathryn"]
[Result "1/2-1/2"]
[BlackElo "2038"]
[BlackFideId "3226778"]
[EventDate "2025.03.11"]
[PlyCount "0"]
[WhiteElo "1938"]
[WhiteFideId "3234487"]

1. e4 e5 2. Nf3 d6 3. d4 exd4 4. Nxd4 Nf6 5. Nc3 a6 6. Bd3 Be7 7. O-O b5 8. Re1
O-O 9. Bf4 b4 10. Nce2 c5 11. Nf3 Be6 12. c4 Nc6 13. e5 dxe5 14. Nxe5 Qb6 15.
Nxc6 Qxc6 16. Qc2 Rad8 17. Ng3 Rfe8 18. h3 h6 19. Rad1 Bf8 20. Ne4 Nxe4 21.
Bxe4 Qc8 22. Rxd8 Rxd8 23. b3 Bd6 24. Be3 Be7 25. Rd1 Rxd1+ 26. Qxd1 f5 27. Bd5
Kf7 28. Qf3 Bxd5 29. Qxd5+ Qe6 30. Kf1 g5 31. f4 g4 32. hxg4 fxg4 33. Ke2 Kf6
34. Qxe6+ Kxe6 35. g3 Kf5 36. Kd3 h5 37. Bc1 $4 { this losses,}  ( 37. Bf2 {
holds.} )37... h4 38. gxh4 Bxh4 39. Be3 Be7 40. Ke2 Ke4 41. Bc1 Bd6 42. Be3 g3
$4 { surrendering the win.}  ( 42... a5 { the spare move Black had up her
sleeve, losing a tempo and forcing White to surrender the opposition.} )43. f5
Kxf5 44. Kf3 g2 45. Bf2 Be7 46. Bg1 Ke5 47. Bf2 Kf5 48. Bg1 Kg5 49. Kxg2 Kg4
50. Be3 Bd6 51. Kf2 Be7 52. Ke2 Kg3 53. Bf2+ Kf4 54. Kd3 Kf3 55. Be3 { Marcus
had already pulled off the result of the round for Metro but this was a fine
result for David.}   1/2-1/2

[Event "PCL 2025"]
[Site "Perth AUS"]
[Date "2025.10.11"]
[Round "8.7"]
[White "Simonds,Marcus"]
[Black "Hardegen,Andrew"]
[Result "1-0"]
[BlackElo "2079"]
[BlackFideId "3204081"]
[EventDate "2025.03.11"]
[PlyCount "0"]
[WhiteElo "1688"]
[WhiteFideId "3237575"]

1. d4 d5 2. Bf4 Nf6 3. e3 c5 4. Nf3 Nc6 5. Nc3 Bf5 6. Bb5 e6 7. O-O Rc8 8. Ne5 {
not winning but annoying, causing Black to go into a long think.}  8... Qb6 $2
{ and not finding the best move.}  ( 8... cxd4)9. a4 cxd4 $4 ( 9... a6 { or} )(
9... a5 { or} )( 9... Qd8)( 9... Qa5)10. a5 Qc5 11. exd4 Qb4 12. a6 bxa6 13.
Bxc6+ Rxc6 14. Nxc6 Qxb2 15. Qb1 Qxb1 ( 15... Qxc3 16. Qb8+ Kd7 17. Qc7+ Ke8
18. Qd8# )16. Rfxb1 Nd7 17. Rxa6 f6 18. Rxa7 e5 19. dxe5  1-0

[Event "PCL 2025"]
[Site "Perth AUS"]
[Date "2025.10.11"]
[Round "8.9"]
[White "Gough,Sebastian"]
[Black "Brand,Drew"]
[Result "0-1"]
[BlackElo "1847"]
[BlackFideId "3271986"]
[EventDate "2025.03.11"]
[PlyCount "0"]
[WhiteElo "1257"]
[WhiteFideId "3252078"]

1. d4 Nf6 2. Bg5 Ne4 3. h4 h6 4. Bf4 e6 5. f3 Nf6 6. e4 Be7 7. Bd3 Nh5 8. Be3
Bxh4+ 9. Bf2 Bxf2+ 10. Kxf2 Qg5 11. Qd2 Qg3+ 12. Kf1 Nf4 13. Qf2 Qg6 14. g3
Nxd3 15. cxd3 d5 16. Nc3 c6 17. Rc1 Nd7 18. Ke2 dxe4 19. dxe4 Nf6 20. Nh3 Bd7
21. Nf4 Qg5 22. Nh3 Qa5 23. Ke3 O-O-O 24. Rhd1 Rhe8 25. e5 Nd5+ 26. Nxd5 exd5
27. b3 Bxh3 28. g4 h5 29. Qg3 hxg4 30. fxg4 Rh8 31. Rh1 Qxa2 32. Rxh3 Rxh3 33.
Qxh3 Qxb3+  0-1

[Event "PCL 2025"]
[Site "Perth AUS"]
[Date "2025.11.04"]
[Round "9.1"]
[White "McAteer,Ian"]
[Black "Brand,Drew"]
[Result "1/2-1/2"]
[BlackElo "1847"]
[BlackFideId "3271986"]
[EventDate "2025.03.11"]
[PlyCount "0"]
[WhiteElo "1861"]
[WhiteFideId "3230015"]

1. d4 Nf6 2. Bg5 e6 3. e3 c6 4. Bxf6 Qxf6 5. Nf3 d5 6. Nbd2 Nd7 7. Bd3 Bd6 8. c3
e5 9. e4 O-O 10. O-O Bc7 11. Qc2 Qh6 12. exd5 cxd5 13. dxe5 Nxe5 14. Nxe5 Bxe5
15. Nf3 Bf4 16. Bf5 Qh5 17. Bxc8 Raxc8 18. Qd3 ( 18. Rfe1)18... Rfd8 19. g3 Bb8
20. Nd4 ( 20. Rfe1)20... g6 21. Rfe1 Be5 22. Rad1 { A draw agreed in a game
where the evaluation only barely reached +/- 1.0 at any time.}   1/2-1/2

[Event "PCL 2025"]
[Site "Perth AUS"]
[Date "2025.11.04"]
[Round "9.3"]
[White "Gwezere, Cecil"]
[Black "Gough,Dylan"]
[Result "0-1"]
[BlackElo "1724"]
[BlackFideId "3243176"]
[EventDate "2025.03.11"]
[PlyCount "0"]
[WhiteElo "1780"]
[WhiteFideId "11003839"]

1. e4 e6 2. d4 d5 3. Nd2 c5 4. c3 Nc6 5. exd5 Qxd5 6. dxc5 Bxc5 7. Ngf3 Qd8 8.
Bc4 Nf6 9. O-O O-O 10. Qc2 Qc7 11. Re1 Bd6 12. Ne4 Nxe4 13. Rxe4 Ne7 14. Bd3 f5
15. Re1 e5 16. Qb3+ Kh8 17. Ng5 Ng6 18. Bc4 h6 19. Nf7+ Kh7 20. Be3 b6 21. Rad1
( 21. Bd5 Rb8 22. Nxd6 Qxd6 )21... Be7 22. Be6 f4 23. Bc1 Bc5 24. Qd5 Bxe6  0-1